000 00265nam a2200109Ia 4500
008 190914s9999||||xx |||||||||||||| ||und||
100 _aDoctor Syed Abdullah
245 0 _aWajih Say Abdul Haq Tak
260 _aLahore
_bSang-e-Meel
_c2007
300 _a502
942 _cBK
999 _c9279
_d9279